Heterogeneidad del mercado laboral chileno

Salvato in:
Dettagli Bibliografici
Autore principale: Saavedra H., Carlos (Autore)
Natura: Libro
Lingua:spagnolo
Pubblicazione: Santiago MINTRAB 2004
Serie:Serie de Investigación, 2
Soggetti:
Tags: Aggiungi Tag
Nessun Tag, puoi essere il primo ad aggiungerne!!

MARC

LEADER 00000nam a2200000 a 4500
001 UCK1944
003 CL-VaPUC
008 041210e20040000CL |||||||||||||||||spa|d
082 0 4 |a 331.12  |b SAA  |2 21 
100 0 |a Saavedra H., Carlos  |e author  |9 489810 
245 1 0 |a Heterogeneidad del mercado laboral chileno 
300 |a 37 p 
942 |c BK 
945 |d 20041210 00:00:00  |a cmena 
260 |a Santiago  |b MINTRAB  |c 2004 
650 0 |a Mercado laboral   |9 375911 
650 0 |a Oferta y demanda  |9 255571 
650 0 |a Trabajo y empleo  |9 315054 
650 0 |a Transporte público  |9 348060 
650 0 |a Telecomunicaciones   |9 257195 
651 7 |a CHILE  |2 CL-VaPUC  |9 489811 
583 |a last modification  |c 20041210 00:00:00  |k Rodrigo Vera 
490 0 |a Serie de Investigación, 2 
999 |c 311686  |d 311684 
952 |0 0  |1 0  |4 0  |6 331_120000000000000_SAA_2004  |7 0  |8 A  |9 381234  |a BIBGIM  |b BIBGIM  |d 2019-11-21  |i 4085396  |o 331.12 SAA 2004  |p 4085396  |r 2025-01-15  |w 2019-11-21  |y BK  |k GIM 
952 |0 0  |1 0  |4 0  |6 331_120000000000000_SAA_2004  |7 0  |8 A  |9 381235  |a BIBING  |b BIBING  |d 2019-11-21  |i 408540K  |o 331.12 SAA 2004  |p 408540K  |r 2025-01-20  |w 2019-11-21  |y BK  |k EII